MARC

LEADER 00000nam0a2200000 4500
001 47223
005 20231031025834.0
035 |a (RuTPU)RU\TPU\book\49323 
090 |a 47223 
100 |a 20030205d1987 m y0rusy50 ca 
101 0 |a rus 
102 |a RU 
105 |a a j 001zy 
200 1 |a Бурение скважин в осложненных условиях  |e учебное пособие  |f Б. Б. Кудряшов, А. М. Яковлев 
210 |a Москва  |c Недра  |d 1987 
215 |a 268 с.  |c ил. 
225 1 |a Высшее образование 
320 |a Библиогр.: с. 265-266. 
610 1 |a геология 
610 1 |a разведочное бурение 
610 1 |a скважины 
610 1 |a осложнения 
610 1 |a промывочные жидкости 
610 1 |a пластовые давления 
610 1 |a технологии 
610 1 |a проектирование 
610 1 |a глинистые породы 
610 1 |a мерзлые породы 
610 1 |a учебные пособия 
675 |a 550.822.7(075.8)  |v 3 
700 1 |a Кудряшов  |b Б. Б.  |g Борис Борисович 
701 1 |a Яковлев  |b А. М.  |g Ариан Михайлович 
801 1 |a RU  |b 63413507  |c 20030205  |g PSBO 
801 2 |a RU  |b 63413507  |c 20160408  |g PSBO 
900 |a Удаление продуктов разрушения 
900 |a Исследования и специальные работы в скважинах 
942 |c BK